[Event "Trophee CCAS GpB"]
[Site "Cap d'Agde FRA"]
[Date "2010.10.25"]
[Round "4"]
[White "Zhu Chen"]
[Black "Lahno,Kateri"]
[Result "0-1"]
[WhiteElo "2480"]
[BlackElo "2539"]

1.d4 Nf6 2.c4 g6 3.Nc3 Bg7 4.e4 d6 5.Bd3 O-O 6.Nge2 Nbd7 7.O-O c5 8.Bc2 cxd4
9.Nxd4 Nc5 10.b3 b6 11.Bb2 Bb7 12.Re1 a6 13.a4 Rc8 14.h3 a5 15.Qd2 Ne8 16.Rad1 Nc7
17.Nd5 N7a6 18.Ba3 e6 19.Nc3 Qe7 20.Ndb5 Rcd8 21.Qe3 Rd7 22.Re2 Rfd8 23.Red2 h5
24.Re2 Kh7 25.f4 Bh6 26.Qg3 h4 27.Qf2 Qf6 28.Rf1 e5 29.f5 Bf4 30.Qf3 Kg7
31.Qg4 Nb4 32.Bxb4 axb4 33.Na2 Na6 34.Nd4 exd4 35.Qxf4 g5 36.Qf2 d3 37.Bxd3 Nc5
38.Bc2 Re7 39.Nxb4 Rde8 40.Rfe1 Qc3 41.Nd5 Bxd5 42.cxd5 f6 43.Re3 Qb4 44.Qe2 Kh6
45.Kh2 Rc7 46.g3 hxg3+ 47.Rxg3 Qd4 48.h4 Qe5 49.hxg5+ fxg5 50.Kg2 Kg7 51.Qh5 Kf8
52.Qxg5 Nd7 53.Bd3 Nf6 54.Re2 Rh7 55.Qe3 Rh2+ 56.Kf3 Rh7 57.Reg2 Nxd5 58.Rg8+ Kf7
59.Bc4 Rxg8 60.Bxd5+ Kf6 61.Rxg8 Rh3+ 62.Kg4 Rxe3 63.Rg6+ Ke7 64.Re6+ Qxe6
65.fxe6 Kf6 66.Kf4 Rc3 67.Bc4 Rh3 68.Kg4 Rc3 69.Bd5 Re3 70.Kf4 Rc3 71.Bc4 Rh3
72.Kg4 Rc3 73.Bd5 Re3 74.Kf4 Rc3 75.e5+ dxe5+ 76.Ke4 Rh3 77.Bc4 Rh4+ 78.Kd3 Rd4+
79.Kc3 Rd8 80.b4 e4 81.a5 bxa5 82.bxa5 e3 83.a6 Rc8 84.Kd3 e2 85.Kd4  0-1

[Event "Trophee CCAS GpB"]
[Site "Cap d'Agde FRA"]
[Date "2010.10.25"]
[Round "5"]
[White "Hammer,J"]
[Black "Zhu Chen"]
[Result "1-0"]
[WhiteElo "2633"]
[BlackElo "2480"]

1.d4 d5 2.c4 c6 3.Nc3 Nf6 4.e3 g6 5.Nf3 Bg7 6.Be2 O-O 7.O-O dxc4 8.Bxc4 Bg4
9.h3 Bxf3 10.Qxf3 Nbd7 11.Rd1 e5 12.d5 e4 13.Nxe4 Nxe4 14.Qxe4 Nb6 15.Rb1 Re8
16.Qd3 Nxd5 17.Bd2 Nb6 18.Ba5 Qxd3 19.Bxd3 Na4 20.Rdc1 Re5 21.Be1 Rd8 22.Bc2 Nb6
23.Bb3 Re7 24.g4 Bf6 25.a4 Nd7 26.Rd1 Ree8 27.Bc2 Nb6 28.Rxd8 Rxd8 29.b3 Kg7
30.Kg2 Nd5 31.Rd1 c5 32.Kf3 Nb4 33.Rxd8 Bxd8 34.Be4 b6 35.Ke2 Kf6 36.f4 Ke6
37.f5+ Kd7 38.Bc3 Kd6 39.Be1 Bf6 40.h4 Be5 41.g5 Nd5 42.Kf3 Ne7 43.f6 Nc6
44.Bd3 Nd8 45.Ke4 h6 46.gxh6 Bxf6 47.Bg3+ Ke7 48.Kd5 Kf8 49.Bb8 Bxh4 50.Bxa7 Bg5
51.Bxb6 Ne6 52.h7 Kg7 53.Bxg6 Bxe3 54.Bxf7 Nf4+  1-0

[Event "Trophee CCAS GpB"]
[Site "Cap d'Agde FRA"]
[Date "2010.10.26"]
[Round "7"]
[White "Kosintseva,T"]
[Black "Zhu Chen"]
[Result "1/2-1/2"]
[WhiteElo "2573"]
[BlackElo "2480"]

1.e4 e5 2.Nf3 Nc6 3.Bb5 a6 4.Ba4 Nf6 5.O-O Be7 6.Re1 b5 7.Bb3 d6 8.c3 O-O
9.h3 Na5 10.Bc2 d5 11.exd5 e4 12.Bxe4 Nxe4 13.Rxe4 Bb7 14.d4 Re8 15.Bf4 Nc4
16.b3 Nb6 17.c4 bxc4 18.bxc4 Nxc4 19.Nc3 Nb6 20.Qb3 Nxd5 21.Qxb7 Nxc3 22.Ree1 Bd6
23.Rxe8+ Qxe8 24.Bd2 Qe4 25.Qxe4 Nxe4 26.Ba5 Rb8 27.Rc1 f5 28.Ne5 Nf6 29.Rc6 Rb1+
30.Kh2 Nd5 31.Rxa6 g5 32.Bd2 h6 33.Ra5 Rb2 34.Bc1 Rc2 35.Rxd5 Rxc1 36.a4 Ra1
37.a5 Kg7 38.g3 Ra2 39.Kg2 Kf6 40.Nc4 Ke6 41.Rb5 Ra4 42.Nxd6 cxd6 43.d5+ Ke5
44.Kf3 Ra3+ 45.Ke2 Ra2+ 46.Kf3 Ra3+ 47.Kg2 Ra2 48.h4 gxh4 49.gxh4 h5 50.Kf3 Ra3+
51.Ke2 Ra4 52.Kd3 Rxh4 53.Kc3 Rf4 54.Rb2 Ra4 55.Rb5 h4 56.Kb3 Ra1 57.Kb2 Rf1
58.a6 Rxf2+ 59.Ka3 Rf1 60.Ka2 Rf2+ 61.Ka3 Rf1 62.Ka2 Rf2+ 63.Ka3  1/2-1/2

[Event "16th Asian Games Rapid Women"]
[Site "Guangzhou CHN"]
[Date "2010.11.13"]
[Round "1"]
[White "Bakri,Al"]
[Black "Zhu Chen"]
[Result "0-1"]
[WhiteElo "1953"]
[BlackElo "2477"]

1.d4 c5 2.e3 b6 3.Nf3 Bb7 4.Bd3 Nf6 5.O-O g6 6.dxc5 bxc5 7.b3 Bg7 8.Bb2 O-O
9.Nbd2 Nc6 10.a3 a5 11.Ne5 Qc7 12.Nxc6 Bxc6 13.Be2 a4 14.Bf3 axb3 15.Nxb3 Bxf3
16.Qxf3 Ra4 17.h3 Ng4 18.hxg4 Bxb2 19.Ra2 Be5 20.g3 e6 21.Nd2 Rfa8 22.Rb1 R8a7
23.Kg2 Kg7 24.e4 Qa5 25.Qe2 Bc3 26.Nb3 Qc7 27.Qf3 Bf6 28.Nd2 Qe5 29.Rb3 c4
30.Rb1 c3 31.Nb3 Qxe4 32.Qxe4 Rxe4 33.Kf3 Rea4 34.Nc5 R4a5 35.Ne4 Be5 36.Rb3 Rc7
37.Ra1 d5 38.Ng5 h6 39.Nh3 g5 40.Ng1 Bf6 41.Ke3 Rca7 42.Ne2 Ra4 43.Kf3 d4
44.Ke4 e5 45.f3 R4a5 46.Nc1 Be7 47.Nd3 f6 48.Rb6 Rxa3 49.Rxa3 Rxa3 50.Rb7 Kf7
51.Nb4 Ke6 52.Rb6+ Kd7 53.Rb7+ Kd6 54.Rb6+ Kc5 55.Rb7 Bd8 56.Nd3+ Kc6 57.Rh7 Kd6
58.Rh8 Be7 59.Rxh6 Ra2 60.Rh2 Ra1 61.Rg2 Rd1 62.f4 Ke6 63.fxe5 fxe5 64.Re2 Bd6
65.Kf3 Kd5 66.Nf2 Ra1 67.Ne4 Be7 68.Nf2 Ra8 69.Re1 Ra2 70.Re2 Ra8 71.Re1 Rf8+
72.Kg2 Re8 73.Ra1 e4 74.Ra5+ Bc5 75.Ra6 Kc4 76.Rg6 d3  0-1

[Event "16th Asian Games Rapid Women"]
[Site "Guangzhou CHN"]
[Date "2010.11.13"]
[Round "2"]
[White "Zhu Chen"]
[Black "Geldyeva,M"]
[Result "1-0"]
[WhiteElo "2477"]
[BlackElo "2279"]

1.c4 e5 2.Nc3 Nf6 3.g3 d5 4.cxd5 Nxd5 5.Bg2 c6 6.d3 Bc5 7.Nf3 Qc7 8.O-O O-O
9.Nxd5 cxd5 10.d4 exd4 11.Nxd4 Nc6 12.Nb3 Ne7 13.Nxc5 Qxc5 14.Be3 Qb5 15.b3 Be6
16.Bd4 Rfd8 17.e3 Qd7 18.Re1 Bg4 19.Qd2 Bh3 20.Bh1 Qf5 21.Rac1 Nc6 22.Rc5 Qe6
23.Rec1 Bf5 24.Bb2 Be4 25.f3 Bf5 26.Rd1 h5 27.Bg2 Rd7 28.e4 dxe4 29.Qxd7 Qxd7
30.Rxd7 Bxd7 31.Rxh5 exf3 32.Bxf3 Rd8 33.Rg5 g6 34.Rd5 Be6 35.Rxd8+ Nxd8
36.Kf2 Kf8 37.Bf6 Nc6 38.Bd1 Ke8 39.h4 Ne7 40.g4 Nd5 41.Bd4 b6 42.h5 gxh5
43.gxh5 Bf5 44.Bf3 Nf4 45.Ke3 Ne6 46.Bf6 Kf8 47.Kf2 Kg8 48.Kg3 Kh7 49.Kh4 Kh6
50.Bc3 a5 51.Bd2+ Kh7 52.Be3 Bb1 53.a3 b5 54.Bd1 Nd8 55.Kg5 Kg7 56.Bd4+ Kg8
57.Kf6 Ne6 58.Bc3 a4 59.bxa4 bxa4 60.Bxa4 Nc5 61.Bc6 Ne4+ 62.Bxe4 Bxe4 63.a4 Bd3
64.Bb4 Bc4 65.a5 Kh7 66.Bd2 Kg8 67.Ke7 Kg7 68.h6+ Kg8 69.Kd6 Bd3 70.Kc7  1-0

[Event "16th Asian Games Rapid Women"]
[Site "Guangzhou CHN"]
[Date "2010.11.15"]
[Round "4"]
[White "Zhu Chen"]
[Black "Nakhbayeva,G"]
[Result "1-0"]
[WhiteElo "2477"]
[BlackElo "2209"]

1.d4 Nf6 2.c4 e6 3.Nc3 Bb4 4.Qc2 O-O 5.a3 Bxc3+ 6.Qxc3 d5 7.Nf3 Ne4 8.Qc2 c5
9.dxc5 a5 10.cxd5 exd5 11.e3 Na6 12.c6 Nac5 13.cxb7 Bxb7 14.Be2 a4 15.Nd4 Rc8
16.Qd1 Qa5+ 17.Bd2 Qb6 18.Bb4 Rfe8 19.O-O Qh6 20.Rc1 Ba6 21.Bxa6 Nxa6 22.Rxc8 Rxc8
23.Nf5  1-0

[Event "16th Asian Games Rapid Women"]
[Site "Guangzhou CHN"]
[Date "2010.11.15"]
[Round "5"]
[White "Hoang Thi Bao Tram"]
[Black "Zhu Chen"]
[Result "0-1"]
[WhiteElo "2271"]
[BlackElo "2477"]

1.d4 d5 2.Nf3 Nf6 3.c3 g6 4.Bf4 Bg7 5.e3 Nbd7 6.h3 O-O 7.Be2 c5 8.Nbd2 b6
9.O-O Bb7 10.a4 Ne4 11.Qc2 cxd4 12.exd4 Rc8 13.Rfe1 Ndf6 14.Nf1 a5 15.Bd3 Nd6
16.Ne5 Nd7 17.Nf3 Nf6 18.Qe2 Re8 19.Ne3 Ra8 20.Ne5 Qc8 21.N3g4 Nxg4 22.Nxg4 Ne4
23.f3 Nf6 24.Be5 Nxg4 25.Bf4 Nf6 26.Be5 Ng4 27.Bxg7 Kxg7 28.hxg4 Kg8 29.Qe5 Bc6
30.Kf2 f6 31.Qh2 Qd7 32.Re2 e6 33.Rh1 Qf7 34.Bc2 b5 35.Qd6 Qd7 36.Qf4 Qf7
37.g5 f5 38.Rhe1 bxa4 39.Qd6 Bd7 40.Ra1 Bb5 41.Re5 Rab8 42.Kg3 Qe7 43.Qxe7 Rxe7
44.Bxa4 Bc4 45.b3 Ba6 46.Rae1 Kf7 47.Bc6 Bb7 48.Bb5 Ba8 49.c4 Rb6 50.cxd5 Bxd5
51.Bc4 Rd7 52.Bxd5 Rxd5 53.Rxd5 exd5 54.Ra1 Rb5 55.Kf4 Ke6 56.Ra3 Kd6 57.Ke3 Kc6
58.Kd3 Kb6 59.Kc3 Ka6 60.Ra1 Rb7 61.Re1 Rc7+ 62.Kb2 Kb5 63.Re5 Kc6 64.Re6+ Kb5
65.Re8 Ra7 66.Re5 Kc6 67.Ka3 Kd6 68.Ka4 Rb7 69.Re8 Rb4+ 70.Kxa5 Rxb3 71.Rh8 Rb2
72.Rxh7 Rxg2 73.f4 Rd2 74.Rg7 Rxd4 75.Rxg6+ Ke7 76.Kb5 Rxf4 77.Kc5 d4 78.Kd5 d3
79.Ra6 d2 80.Ra1 Rf2 81.Rd1 Kf7 82.Kd4 Kg6 83.Ke3 Rh2 84.Rg1 Rg2 85.Rd1 Kxg5
86.Kf3 Rh2 87.Kg3 Re2 88.Kf3 Re1 89.Rxd2 Rf1+ 90.Kg2 Ra1 91.Rd4 Ra2+ 92.Kg3 Ra3+
93.Kg2 f4 94.Rb4 Kg4 95.Kf2 Ra2+ 96.Kf1 Kg3 97.Rb8 Ra1+ 98.Ke2 f3+ 99.Ke3 Re1+
100.Kd2 f2 101.Rg8+ Kh4  0-1

[Event "16th Asian Games Rapid Women"]
[Site "Guangzhou CHN"]
[Date "2010.11.15"]
[Round "6"]
[White "Zhu Chen"]
[Black "Zhao Xue"]
[Result "1/2-1/2"]
[WhiteElo "2477"]
[BlackElo "2474"]

1.d4 Nf6 2.c4 e6 3.Nc3 Bb4 4.Qc2 O-O 5.a3 Bxc3+ 6.Qxc3 d5 7.Nf3 dxc4 8.Qxc4 b6
9.Bg5 Ba6 10.Qc2 c5 11.dxc5 bxc5 12.Qxc5 h6 13.Bxf6 Qxf6 14.Qd4 Qe7 15.e3 Bxf1
16.Kxf1 Rd8 17.Qb4 Qd7 18.g3 Na6 19.Qa5 Qb7 20.Kg2 Rd5 21.Qe1 Rad8 22.e4 Rd3
23.Qe2 Nc5 24.Qe1 Na6 25.Qe2 Nc5 26.Rhe1 f5 27.exf5 exf5 28.Rad1 a5 29.Rxd3 Nxd3
30.Rd1 Qe4 31.Rd2 a4 32.Qe3 Rd7 33.Kg1 Qxe3 34.fxe3 Kf8 35.Nd4 Nc5 36.Ne6+ Kf7
37.Rxd7+ Nxd7 38.Nd4 Kf6 39.b3 axb3 40.Nxb3 Nb6 41.Kf2 Na4 42.Nd2 Nb2 43.Nf3 Ke6
44.Ke2 Kd5 45.h4 g6 46.Nd2 Ke5 47.Kf3 Na4 48.Nb3 Nc3 49.Nd4 g5 50.h5 g4+
51.Kf2 Ke4 52.Kg2 Nd1 53.Nc2 Kd3 54.Nb4+ Ke4 55.Nc2 Kd3 56.Nb4+ Ke4 57.Nc2 Kd3
58.Nb4+ Ke4 59.Nc2 Kd3 60.Nb4+ Ke4 61.Nc2 Kd3 62.Nb4+ Ke4  1/2-1/2

[Event "16th Asian Games Rapid Women"]
[Site "Guangzhou CHN"]
[Date "2010.11.15"]
[Round "7"]
[White "Zhu Chen"]
[Black "Hou Yifan"]
[Result "0-1"]
[WhiteElo "2477"]
[BlackElo "2591"]

1.d4 e6 2.c4 d5 3.Nf3 Nf6 4.Nc3 Bb4 5.cxd5 exd5 6.Qa4+ Nc6 7.Ne5 a5 8.Nxc6 bxc6
9.Bg5 Bd7 10.e3 O-O 11.Qc2 h6 12.Bxf6 Qxf6 13.Be2 c5 14.O-O Bf5 15.Bd3 Bxd3
16.Qxd3 c4 17.Qc2 Rfd8 18.Na4 Ra6 19.a3 Bf8 20.b3 cxb3 21.Qxb3 Qg5 22.Qc3 Rg6
23.g3 Bd6 24.Nc5 h5 25.Nb7 h4 26.Nxd6 Rdxd6 27.Rab1 Rh6 28.Rb8+ Kh7 29.Qc2+ Rdg6
30.Qc3 Rd6 31.Qc2+ Rdg6 32.Re8 Qh5 33.Rb1 hxg3 34.fxg3 f5 35.Qf2 Rxg3+ 36.Qxg3 Qxe8
37.Kf2 Qh5 38.Rg1 Rg6 39.Qf4 Rxg1 40.Kxg1 Qg4+ 41.Kf2 Qxf4+ 42.exf4 Kg6 43.a4 Kf6
44.Kg3 Ke6 45.Kh4 c5 46.dxc5 d4  0-1

[Event "16th Asian Games Rapid Women"]
[Site "Guangzhou CHN"]
[Date "2010.11.16"]
[Round "8"]
[White "Tuvshintugs,B"]
[Black "Zhu Chen"]
[Result "1-0"]
[WhiteElo "2327"]
[BlackElo "2477"]

1.d4 d5 2.Nf3 Nf6 3.c4 c6 4.e3 Bf5 5.Nc3 e6 6.Bd3 Bxd3 7.Qxd3 Nbd7 8.O-O Bd6
9.e4 dxe4 10.Nxe4 Nxe4 11.Qxe4 O-O 12.Bg5 Qa5 13.c5 Bc7 14.Be7 Rfe8 15.Ng5 g6
16.Qh4 h5 17.Ne4 Bd8 18.Bg5 Bxg5 19.Qxg5 Qd8 20.Qf4 Qe7 21.Rfe1 b6 22.Qc7 Nb8
23.cxb6 axb6 24.Qxb6 Rd8 25.a4 Rd5 26.Nc3 Rd7 27.Re2 Rb7 28.Qc5 Qxc5 29.dxc5 Na6
30.Ne4 Rab8 31.Rb1 Rb4 32.Nf6+ Kg7 33.Nd7 R8b7 34.Ne5 Rxa4 35.Nxc6 Nxc5 36.g3 Nd3
37.Ne5 Nb4 38.b3 Ra8 39.Rd2 Nd5 40.Rd3 Rc8 41.Nf3 Nb4 42.Re3 Rc2 43.Ne1 Rd2
44.Nf3 Ra2 45.Rc3 Nd5 46.Rd3 Kf6 47.h4 Kg7 48.Ne5 Rc2 49.Nf3 Nf6 50.Ng5 Ng4
51.Rf3 e5 52.b4 f6 53.Ne6+ Kf7 54.Nd8+ Ke7 55.Nxb7 e4 56.Rfb3 Nxf2 57.R3b2 Nh3+
58.Kf1 Rc3 59.Kg2 f5 60.Kxh3 f4 61.Rb3  1-0

[Event "16th Asian Games Rapid Women"]
[Site "Guangzhou CHN"]
[Date "2010.11.16"]
[Round "9"]
[White "Zhu Chen"]
[Black "Enkhtuul,A"]
[Result "1-0"]
[WhiteElo "2477"]
[BlackElo "2121"]

1.d4 Nf6 2.c4 c5 3.d5 b5 4.Nf3 b4 5.Nbd2 g6 6.e4 d6 7.h3 Bg7 8.Bd3 O-O 9.O-O Nfd7
10.Re1 a5 11.Nf1 a4 12.Rb1 Qc7 13.Bf4 Bb7 14.N1h2 f6 15.Ng4 Nb6 16.h4 N8d7
17.Re3 Ne5 18.Bxe5 dxe5 19.Re1 Qd6 20.Qe2 a3 21.b3 Bc8 22.Ngh2 h6 23.Nd2 Bd7
24.Ndf1 Be8 25.Ne3 Bd7 26.Qf3 e6 27.Qg3 Kh7 28.Rbd1 f5 29.h5 g5 30.Nef1 Kh8
31.dxe6 f4 32.Qf3 Qxe6 33.Be2 Rad8 34.Qd3 Qe7 35.Qd6 Nc8 36.Qa6 Be6 37.Bg4 Bxg4
38.Nxg4 Rd4 39.Nxh6 Nd6 40.Rxd4 exd4 41.Ng4 Qe6 42.f3 Re8 43.Qc6 d3 44.Qxc5 Bc3
45.Rd1 Nxe4 46.fxe4 Qxg4 47.Rxd3 Qxh5 48.Rh3 Qxh3 49.gxh3 Rd8 50.Qe7 Rg8
51.Qe6 Kh7 52.Kg2 Rg6 53.Qf7+ Kh6 54.Nh2 Rg7 55.Ng4+ Kh7 56.Qf5+  1-0

[Event "16th Asian Games Team Women"]
[Site "Guangzhou CHN"]
[Date "2010.11.18"]
[Round "1"]
[White "Zhu Chen"]
[Black "Hoang Thi Bao Tram"]
[Result "1-0"]
[WhiteElo "2477"]
[BlackElo "2271"]

1.d4 d5 2.c4 c6 3.Nc3 Nf6 4.e3 e6 5.Nf3 Nbd7 6.Qc2 Bd6 7.Bd3 O-O 8.O-O dxc4
9.Bxc4 e5 10.h3 exd4 11.exd4 Qa5 12.Bg5 Nh5 13.Ne4 Bf4 14.Be7 Re8 15.Neg5 Bxg5
16.Nxg5 Nhf6 17.Bxf7+ Kh8 18.Bxe8 Qxg5 19.Bf7 Qf4 20.Rfe1 Ng4 21.hxg4 Qxf7
22.Qe4 Nb6 23.Bc5 Bd7 24.Qe7 Qxe7 25.Rxe7 Rd8 26.Bxb6 axb6 27.Rae1 h6 28.f3 Kg8
29.a4 Kf8 30.b3 Kg8 31.Kf2 Kf8 32.R1e5 Kg8 33.g5  1-0

[Event "16th Asian Games Team Women"]
[Site "Guangzhou CHN"]
[Date "2010.11.22"]
[Round "5.17"]
[White "Zhu Chen"]
[Black "Lim,H"]
[Result "1-0"]
[WhiteElo "2477"]
[BlackElo "1570"]

1.c4 c5 2.Nc3 Nf6 3.g3 g6 4.Bg2 Bg7 5.e3 d6 6.Nge2 O-O 7.O-O Nbd7 8.d4 Nb6
9.b3 Rb8 10.dxc5 dxc5 11.Qxd8 Rxd8 12.Ba3 Nbd7 13.Rad1 b6 14.Nb5 a6 15.Na7 Bb7
16.Nc6 Bxc6 17.Bxc6 Ne5 18.Bg2 Nd3 19.Rd2 Rd7 20.Rfd1 Rbd8 21.Nc3 Nxf2 22.Rxd7 Rxd7
23.Kxf2 Rxd1 24.Nxd1 Ng4+ 25.Kg1 Bh6 26.Bc1 Kg7 27.h3 Ne5 28.Bb2 Kf6 29.Bd5 e6
30.Bb7 a5 31.Kf1 Bf8 32.Nf2  1-0

[Event "16th Asian Games Team Women"]
[Site "Guangzhou CHN"]
[Date "2010.11.23"]
[Round "6"]
[White "Lkhamsuren,U"]
[Black "Zhu Chen"]
[Result "0-1"]
[WhiteElo "2181"]
[BlackElo "2477"]

1.e4 e5 2.Nf3 Nc6 3.Bb5 a6 4.Bxc6 dxc6 5.d4 exd4 6.Qxd4 Qxd4 7.Nxd4 Bd7 8.O-O O-O-O
9.Nc3 g6 10.Be3 f6 11.Rad1 Nh6 12.h3 Nf7 13.Nb3 b6 14.Rfe1 Bg7 15.Re2 Rhe8
16.f4 c5 17.Bc1 Nd6 18.Rde1 Re6 19.g4 Rde8 20.f5 R6e7 21.Bf4 Bc6 22.Nd2 Nf7
23.Kf2 Ne5 24.b3 Kb7 25.Nf3 Nxf3 26.Kxf3 Bf8 27.Kf2 Rd7 28.Rd2 Rxd2+ 29.Bxd2 Rd8
30.Bf4 c4 31.Nb1 cxb3 32.axb3 Rd4 33.Kf3 gxf5 34.gxf5 a5 35.Bd2 Rd7 36.Bc3 Rg7
37.Nd2 Rg5 38.Ke2 Bh6 39.Kd1 Rg2 40.Nc4 Bg5 41.Bd2 Bh4 42.Re3 a4 43.bxa4 Bxa4
44.Kc1 Bb5 45.Na3 Ba6 46.c4 Bg3 47.Rd3 Kc8 48.Nb5 Bb7 49.Nc3 Be5 50.Nd5 Bxd5
51.cxd5 Kd7 52.Bb4 Re2 53.d6 cxd6  0-1

[Event "16th Asian Games Team Women"]
[Site "Guangzhou CHN"]
[Date "2010.11.24"]
[Round "7.17"]
[White "Zhu Chen"]
[Black "Geldyeva,M"]
[Result "1-0"]
[WhiteElo "2477"]
[BlackElo "2279"]

1.d4 d5 2.c4 dxc4 3.e4 e5 4.Nf3 exd4 5.Bxc4 Bb4+ 6.Bd2 Bxd2+ 7.Nbxd2 Nc6
8.O-O Nh6 9.Nb3 Bg4 10.Bb5 Qf6 11.Qxd4 Bd7 12.Qxf6 gxf6 13.Nc5 O-O-O 14.Nxd7 Rxd7
15.Rac1 Rd6 16.Bxc6 bxc6 17.h3 Re8 18.Rc4 Ng8 19.Rfc1 Ne7 20.Kh2 f5 21.R1c3 Rf6
22.e5 Rg6 23.Ra3 Reg8 24.g3 Kd7 25.Rxa7 Nd5 26.Ra3 f4 27.g4 h5 28.g5 Rb8
29.b3 Rgg8 30.Ra6 Rb6 31.Raa4 Ke6 32.Ra5 Kd7 33.h4 Re8 34.Kg1 Ke6 35.Rac5 Kd7
36.Ra5 Rb5 37.Rxb5 cxb5 38.Rc5 c6 39.a4 bxa4 40.bxa4 Rb8 41.Nd4 Ne7 42.Rc4 Rb1+
43.Kg2 Ng6 44.Nf3 Ra1 45.Rd4+ Kc7 46.Rd6 Rxa4 47.Rf6 Ra5 48.e6 Nxh4+ 49.Nxh4 Rxg5+
50.Kf3 fxe6 51.Rxe6 Kb6 52.Ng6 Rg1 53.Nxf4 Kc5 54.Ke4  1-0

[Event "WCh Women"]
[Site "Antakya TUR"]
[Date "2010.12.04"]
[Round "1.1"]
[White "Zhu Chen"]
[Black "Muminova,N"]
[Result "1-0"]
[WhiteElo "2477"]
[BlackElo "2360"]

1.d4 e6 2.c4 Nf6 3.Nf3 d5 4.Nc3 c5 5.e3 Nc6 6.a3 Be7 7.dxc5 Bxc5 8.b4 Bd6
9.Bb2 O-O 10.cxd5 exd5 11.Be2 Be6 12.O-O Rc8 13.Rc1 Bb8 14.Na4 Qd6 15.Nc5 Qe7
16.Qd3 b6 17.Nxe6 fxe6 18.Rc2 Ng4 19.Rfc1 Nce5 20.Nxe5 Nxe5 21.Qd4 Rxc2 22.Rxc2 Nd7
23.f4 Kh8 24.g3 Nf6 25.Rc6 Qf7 26.Bf3 Qd7 27.Rc1 Bd6 28.Qc3 Re8 29.Qc6 Bc5
30.Qxd7 Bxe3+ 31.Kf1 Nxd7 32.Rc7 Nf6 33.Ke2 d4 34.Rxa7 Kg8 35.Kd3 Rd8 36.Ra8 Rxa8
37.Bxa8 Bg1 38.Bxd4 Bxh2 39.Bxb6 Bxg3 40.Be3 h5 41.b5 h4 42.Bg2 Ng4 43.b6 Nxe3
44.Kxe3 g5 45.fxg5 Bd6 46.b7 Kg7 47.Kf3 Kg6 48.Kg4 Bg3 49.a4  1-0

[Event "WCh Women"]
[Site "Antakya TUR"]
[Date "2010.12.05"]
[Round "1.2"]
[White "Muminova,N"]
[Black "Zhu Chen"]
[Result "0-1"]
[WhiteElo "2360"]
[BlackElo "2477"]

1.d4 e6 2.c4 Nf6 3.Nc3 Bb4 4.Nf3 d5 5.Bg5 dxc4 6.e3 b5 7.a4 c6 8.Be2 Bb7
9.O-O a6 10.Ne5 Nbd7 11.f4 Qc7 12.Bh4 Nd5 13.Qc1 f5 14.Bh5+ g6 15.Bf3 O-O
16.g4 Nxe5 17.fxe5 Nxc3 18.bxc3 Be7 19.Bg3 c5 20.gxf5 gxf5 21.Ra2 Bxf3 22.Rxf3 Qc6
23.Rg2 Kh8 24.Qd1 cxd4 25.exd4 Rg8 26.Qf1 Rg6 27.Rgf2 bxa4 28.Ra2 a3 29.Kf2 Rb8
30.Qc1 Rb3 31.h4 Rb2+ 32.Ke3  0-1

[Event "Gibraltar Masters"]
[Site "Caleta ENG"]
[Date "2011.01.25"]
[Round "1.49"]
[White "Andreasen,P"]
[Black "Zhu Chen"]
[Result "0-1"]
[WhiteElo "2239"]
[BlackElo "2495"]

1.d4 d5 2.c4 e6 3.Nf3 Nf6 4.g3 dxc4 5.Qc2 b5 6.a4 c6 7.Bg2 Bb7 8.O-O Qb6
9.Nbd2 Nd5 10.e4 Nb4 11.Qc3 Nd3 12.b3 Bb4 13.Qc2 Nxc1 14.Rfxc1 cxb3 15.Nxb3 O-O
16.e5 h6 17.Nfd2 a5 18.Ne4 Rd8 19.Nbc5 Rxd4 20.axb5 Qxb5 21.Nd6 Qxc5 22.Qxc5 Bxc5
23.Rxc5 Rb4 24.Nxb7 Rxb7 25.Rcxa5 Rxa5 26.Rxa5 Rb1+ 27.Bf1 g5 28.Kg2 Nd7
29.f4 Rb2+ 30.Kh3 gxf4 31.gxf4 Rf2 32.Bg2 Rxf4 33.Bxc6 Nf8 34.Kg3 Ng6  0-1

[Event "Gibraltar Masters"]
[Site "Caleta ENG"]
[Date "2011.01.26"]
[Round "2.13"]
[White "Zhu Chen"]
[Black "Edouard,R"]
[Result "1-0"]
[WhiteElo "2495"]
[BlackElo "2634"]

1.d4 e6 2.c4 Bb4+ 3.Bd2 a5 4.Nf3 d6 5.g3 Qe7 6.Nc3 Nf6 7.Bg2 e5 8.dxe5 dxe5
9.Nd5 Nxd5 10.cxd5 c6 11.e4 Bg4 12.O-O O-O 13.h3 Bxf3 14.Bxf3 Rd8 15.Be3 Bc5
16.Bxc5 Qxc5 17.Rc1 Qb6 18.Qe2 Na6 19.Rc3 Nc7 20.dxc6 bxc6 21.Rfc1 Nb5 22.Rxc6 Qb8
23.Bh5 Nd4 24.Bxf7+ Kh8 25.Qh5 Nxc6 26.Rxc6 Rd6 27.Rc2 Qb4 28.Bd5 Qe1+ 29.Kg2 Rf8
30.Qxe5 Rh6 31.Qc3 Qd1 32.Rd2 Qe1 33.Rc2 Qd1 34.Rd2 Qe1 35.h4 Rg6 36.e5 Rd8
37.Rd3 Qxc3 38.bxc3 Rb6 39.Kf3 Rb2 40.Ke3 a4 41.e6 Re8 42.Rd4 Rc2 43.Kd3 Rxf2
44.Bc6  1-0

[Event "Gibraltar Masters"]
[Site "Caleta ENG"]
[Date "2011.01.27"]
[Round "3.9"]
[White "Kotronias,V"]
[Black "Zhu Chen"]
[Result "1/2-1/2"]
[WhiteElo "2599"]
[BlackElo "2495"]

1.e4 e6 2.d4 d5 3.e5 c5 4.c3 Qb6 5.Nf3 Bd7 6.a3 Bb5 7.b4 cxd4 8.Bxb5+ Qxb5
9.Nxd4 Qc4 10.Be3 Nd7 11.Nd2 Qd3 12.c4 dxc4 13.Nb5 Rc8 14.Nxa7 Rd8 15.Qa4 Ne7
16.O-O-O Nd5 17.Nb5 Be7 18.Nf3 Qg6 19.Rhg1 O-O 20.Qc2 Qxc2+ 21.Kxc2 Nxe3+
22.fxe3 Nb6 23.e4 h5 24.h3 Kh7 25.Rxd8 Rxd8 26.Rd1 Ra8 27.Rd4 f6 28.Rd1 fxe5
29.Nxe5 Rf8 30.Nf3 Rf4 31.Nd6 g5 32.Nxb7 Rxe4 33.Re1 Rxe1 34.Nxe1 Kg6 35.Nf3 Kf5
36.Nc5 e5 37.Nd2 Kf4 38.Nde4 h4 39.Kd2 Nd5 40.b5 Nb6 41.a4 Nxa4 42.Nxa4 Kxe4
43.Nc3+ Kf5 44.b6 Bd6 45.Nb5 Bb8 46.Na3 g4 47.hxg4+ Kxg4 48.Nxc4 Kg3 49.Ne3 e4
50.Ke2 h3 51.gxh3 Kxh3 52.b7  1/2-1/2

[Event "Gibraltar Masters"]
[Site "Caleta ENG"]
[Date "2011.01.28"]
[Round "4.9"]
[White "Zhu Chen"]
[Black "Roiz,M"]
[Result "1/2-1/2"]
[WhiteElo "2495"]
[BlackElo "2649"]

1.d4 Nf6 2.c4 g6 3.Nc3 d5 4.cxd5 Nxd5 5.e4 Nxc3 6.bxc3 Bg7 7.Nf3 c5 8.Rb1 O-O
9.Be2 Nd7 10.O-O Qc7 11.Bg5 Nf6 12.Bd3 b6 13.Qd2 Bb7 14.Rfe1 e6 15.Bf4 Qe7
16.Bg5 Qc7 17.Bf4 Qe7 18.Bg5 Qc7  1/2-1/2

[Event "Gibraltar Masters"]
[Site "Caleta ENG"]
[Date "2011.01.29"]
[Round "5.17"]
[White "Vallejo Pons,F"]
[Black "Zhu Chen"]
[Result "1-0"]
[WhiteElo "2698"]
[BlackElo "2495"]

1.e4 e6 2.d4 d5 3.Nd2 c5 4.Ngf3 cxd4 5.Nxd4 Nc6 6.Bb5 Bd7 7.Nxc6 Bxc6 8.Bxc6+ bxc6
9.c4 dxe4 10.Qa4 f5 11.Qxc6+ Kf7 12.O-O Nf6 13.Nb3 Rc8 14.Qa6 Qc7 15.Bf4 Qxf4
16.Qxc8 Ng4 17.g3 Qh6 18.h4 Be7 19.Qc7 g5 20.Kg2 gxh4 21.Rh1 Nxf2 22.Kxf2 hxg3+
23.Qxg3 Qf6 24.Qc3 Qxc3 25.bxc3 h5 26.Rad1 h4 27.Rd7 Kf6 28.c5 Rc8 29.Rxe7 Kxe7
30.Rxh4 a5 31.a4 e5 32.Rh7+ Kf6 33.Rh6+ Kg5 34.Re6 Kf4 35.c6 e3+ 36.Ke2 Rh8
37.c7 Rh2+ 38.Kd3 Rh8 39.Rh6 e4+ 40.Ke2 Rxh6 41.c8=Q Rh2+ 42.Kf1  1-0

[Event "Gibraltar Masters"]
[Site "Caleta ENG"]
[Date "2011.01.30"]
[Round "6.32"]
[White "Zhu Chen"]
[Black "Calzetta Ruiz,M"]
[Result "1-0"]
[WhiteElo "2495"]
[BlackElo "2284"]

1.d4 Nf6 2.c4 g6 3.Nc3 Bg7 4.e4 d6 5.Nf3 O-O 6.Be2 e5 7.O-O Nc6 8.d5 Ne7
9.b4 a5 10.Ba3 axb4 11.Bxb4 Nd7 12.a4 h6 13.a5 f5 14.Nd2 Kh8 15.Ra3 Rf6 16.Nb3 Bf8
17.c5 dxc5 18.Nxc5 Nxc5 19.Bxc5 fxe4 20.Qc1 Bf5 21.Rd1 Nc8 22.Bxf8 Qxf8 23.Nb5 Nd6
24.Nxc7 Rc8 25.Rc3 Kh7 26.Qe3 Qe7 27.Rdc1 Rff8 28.h3 Bd7 29.Bg4 Rf7 30.Bxd7 Qxd7
31.Ne6 Rxc3 32.Qxc3 Qb5 33.Qxe5 Qe2 34.Qxd6 Qxf2+ 35.Kh2 e3 36.Rc7 e2 37.Rxf7+ Qxf7
38.Qe5  1-0

[Event "Gibraltar Masters"]
[Site "Caleta ENG"]
[Date "2011.01.31"]
[Round "7.13"]
[White "Onischuk,Al"]
[Black "Zhu Chen"]
[Result "1-0"]
[WhiteElo "2689"]
[BlackElo "2495"]

1.d4 Nf6 2.c4 g6 3.Nc3 Bg7 4.Nf3 O-O 5.g3 d5 6.cxd5 Nxd5 7.Bg2 Nb6 8.O-O Nc6
9.e3 Re8 10.Qe2 e5 11.dxe5 Nxe5 12.Nxe5 Bxe5 13.Rd1 Qe7 14.e4 h5 15.Re1 Bg4
16.f3 Be6 17.f4 Bd4+ 18.Be3 Qb4 19.Bxd4 Qxd4+ 20.Kh1 Na4 21.Nb5 Qb6 22.Rac1 Re7
23.f5 Bxa2 24.b4 Bb3 25.Qd3 c5 26.Qxb3 Qxb5 27.fxg6 Qxb4 28.gxf7+ Rxf7 29.Qd5 Nb6
30.Qxh5 c4 31.e5 Qe7 32.Re4 Rh7 33.Rg4+ Kh8 34.Qg6 Qf7 35.Qe4 Re8 36.Rf1 Qe7
37.e6 Qd6 38.Qg6 Qe7 39.Be4 c3  1-0

[Event "Gibraltar Masters"]
[Site "Caleta ENG"]
[Date "2011.02.01"]
[Round "8.39"]
[White "Zhu Chen"]
[Black "Malmdin,N"]
[Result "1-0"]
[WhiteElo "2495"]
[BlackElo "2272"]

1.d4 Nf6 2.c4 e6 3.Nf3 c5 4.d5 exd5 5.cxd5 d6 6.e4 g6 7.Bd3 Bg7 8.O-O O-O
9.h3 a6 10.a4 Re8 11.Nbd2 b6 12.Rb1 a5 13.Re1 Ba6 14.Nf1 Bxd3 15.Qxd3 Na6
16.Bf4 Nb4 17.Qc4 Qd7 18.b3 h6 19.Ng3 Qc7 20.Nd4 Bf8 21.Nb5 Qb8 22.Bd2 Nd7
23.f4 Qd8 24.Kh2 Na6 25.Bc3 Nc7 26.Na3 Qh4 27.Qf1 Bg7 28.Bxg7 Kxg7 29.Qf3 Qf6
30.Nc4 b5 31.Qg4 Qd8 32.Nxd6 Rf8 33.Nb7 Qc8 34.Nf5+ Kh7 35.Nfd6  1-0

[Event "Gibraltar Masters"]
[Site "Caleta ENG"]
[Date "2011.02.02"]
[Round "9.19"]
[White "Berg,E"]
[Black "Zhu Chen"]
[Result "1-0"]
[WhiteElo "2627"]
[BlackElo "2495"]

1.e4 c5 2.Nf3 d6 3.d4 cxd4 4.Nxd4 Nf6 5.Nc3 a6 6.Bg5 e6 7.f4 h6 8.Bh4 Qb6
9.a3 Nbd7 10.Bf2 Qc7 11.Qf3 e5 12.Nf5 b5 13.O-O-O g6 14.Ne3 Bb7 15.Bh4 Be7
16.g3 Rc8 17.Bxf6 Nxf6 18.Bh3 Rd8 19.Ned5 Nxd5 20.Nxd5 Bxd5 21.Rxd5 exf4
22.gxf4 Bf6 23.Rhd1 O-O 24.Qd3 Qb6 25.Kb1 Qf2 26.Rf1 Qb6 27.c3 Rfe8 28.Bg2 Kg7
29.Bf3 h5 30.Qe2 Rh8 31.Rfd1 Be7 32.Qd2 Rc8 33.f5 Rcd8 34.Qf4 Qf2 35.R5d2 Qc5
36.Rg2 Qe5 37.Qe3 Rh6 38.Rd5 Qf6 39.Qa7 Qh4 40.Ka2 Kf8 41.fxg6 Rxg6 42.Re2 Qh3
43.Rf5 Rg5 44.Qd4 Ke8 45.Qd5 f6 46.c4 bxc4 47.Rxg5 fxg5 48.e5 Kf8 49.exd6 Bxd6
50.Qxg5 Qd7 51.Qf6+  1-0